Normal view
MARC view
Entry Personal Name
001 - CONTROL NUMBER
- control field: 1237496
003 - CONTROL NUMBER IDENTIFIER
- control field: OSt
005 - DATE AND TIME OF LATEST TRANSACTION
- control field: 20260430150432.0
008 - FIXED-LENGTH DATA ELEMENTS
- fixed length control field: 260430|| aca||aabn | a|a d
040 ## - CATALOGING SOURCE
- Original cataloging agency: OSt
- Transcribing agency: OSt
100 ## - HEADING--PERSONAL NAME
- Personal name: Choden Pema Au.; Roy Shreeparna Gu
670 ## - SOURCE DATA FOUND
- Source citation: Work cat.: (OSt)1849774: Choden Pema Au.; Roy Shreeparna Gu., The Jataka Tales of the Bodhisativa Reincarnated Animals from India and China: A Comparative Study, 2023
